Regions by Capital - Statistics

General Stats
  • This quiz has been taken 11 times
  • The average score is 12 of 15
Answer Stats
Capital Region % Correct
Edmonton Alberta
100%
Munich Bavaria
100%
Sacramento California
100%
Tallahassee Florida
90%
Cayenne French Guiana
90%
Palermo Sicily
90%
Cardiff Wales
90%
Perth Western Australia
90%
Seville Andalusia
80%
Prague Bohemia
80%
Willemstad Curacao
70%
Manaus Amazonas
60%
Lucknow Uttar Pradesh
60%
Chengdu Sichuan
50%
Guadalajara Jalisco
40%
No matching quizzes found
Score Distribution
Percent of People with Each Score
Percentile by Number Answered
Your Score History
You have not taken this quiz